| 000 | 00415nam a2200169Ia 4500 | ||
|---|---|---|---|
| 008 | 180921t2017 xxu||||| |||| 00| 0 eng d | ||
| 041 | _aeng | ||
| 080 |
_a8-31 _bWIC |
||
| 100 | _aWickramaratne, Pushparani | ||
| 245 | _aStars invisible | ||
| 260 |
_bAuthor _aMaharagama _c2017 |
||
| 300 | _a21cm, 200p | ||
| 700 |
_aR.H. Stephen _etr. |
||
| 942 | _cBK | ||
| 999 |
_c10375 _d10375 |
||
| 003 | LK-CoDNM | ||
| 040 |
_aLK-CoDNM _dLK-CoDNM _eLK-CoDNM |
||